|
|
|
|
| LEADER |
00000cam a2200000 4500 |
| 001 |
vtls012085131 |
| 003 |
SK-MaSNL |
| 005 |
20260301104545.0 |
| 008 |
220127s2021 xo o f p 000 0 slo |
| 015 |
|
|
|a SNBA2022/08
|
| 020 |
|
|
|a 9788082060136
|q (brožované)
|
| 040 |
|
|
|a SNK
|b slo
|c SNK
|e rda
|
| 041 |
0 |
|
|a slo
|
| 044 |
|
|
|a xo
|c SK
|
| 072 |
|
7 |
|a 792
|x Divadlo. Divadelné predstavenia
|2 konspekt
|
| 080 |
|
|
|a 792.027
|2 2011
|
| 080 |
|
|
|a 821.162.4-2
|2 2011
|
| 100 |
1 |
|
|a Oľha, Matúš,
|d 1959-
|4 aut
|4 drt
|9 103521
|
| 245 |
1 |
0 |
|a Hra na Ľuda Ondrejova
|b (na motívy prózy Petra Kováčika Tvorivý pobyt)
|c réžia: Matúš Oľha ; dramatizácia: Silvia Kováčiková
|
| 250 |
|
|
|a Vydanie prvé
|
| 264 |
|
1 |
|a Banská Bystrica
|b Akadémia umení v Banskej Bystrici
|c 2021
|
| 300 |
|
|
|a 60 strán
|b fotografie
|c 30 cm
|
| 336 |
|
|
|a text
|b txt
|2 rdacontent
|
| 337 |
|
|
|a bez média
|b n
|2 rdamedia
|
| 338 |
|
|
|a zväzok
|b nc
|2 rdacarrier
|
| 366 |
|
|
|e 100 kusov
|
| 500 |
|
|
|a Hrebeňová väzba
|
| 500 |
|
|
|a Obsahuje recenzie divadelnej hry z časopisov: Slovenské národné noviny, Literárny týždenník, Tvorba.
|
| 600 |
1 |
7 |
|a Ondrejov, Ľudo,
|d 1901-1962
|2 SNKMA
|9 56066
|
| 650 |
0 |
7 |
|a divadelná dramaturgia
|2 SNKPH
|9 73590
|
| 650 |
0 |
7 |
|a Dramaturgy
|2 SNKPHeng
|9 132149
|
| 655 |
|
7 |
|a slovenské drámy
|2 SNKPH
|9 70606
|
| 655 |
|
7 |
|a Slovak drama
|2 SNKPHeng
|9 278335
|
| 700 |
1 |
|
|a Kováčiková, Silvia,
|d 1975-
|4 aut
|9 443484
|
| 700 |
1 |
2 |
|a Kováčiková, Silvia,
|d 1975-
|t Hra na Ľuda Ondrejova dramaturgia
|9 443485
|
| 700 |
1 |
2 |
|a Krajčovič, Maroš
|t Bratislavská derniéra
|9 443486
|
| 700 |
1 |
2 |
|a Valo, Peter,
|d 1948-
|t Aktuálna hra na Ľuda Ondrejova
|9 443487
|
| 700 |
1 |
2 |
|a Borguľová, Jana,
|d 1951-
|t Zaujímavé predstavenie študentov prvého ročníka Akadémie umení v Banskej Bystrici : Hra na Ľuda Ondrejova
|9 443488
|
| 700 |
1 |
2 |
|a Timko, Martin,
|d 1975-
|t Tvorivý pobyt verzus mučivý blahobyt
|9 443489
|
| 710 |
2 |
|
|a Akadémia umení v Banskej Bystrici.
|b Fakulta dramatických umení
|4 pbl
|9 181698
|
| 919 |
|
|
|a 978-80-8206-013-6
|
| 954 |
|
|
|a beletria pôvodná (slovenská)
|2 lita
|
| 958 |
|
|
|a LX
|
| 999 |
|
|
|c 698449
|d 700379
|
| 952 |
|
|
|a SNK
|b SNK
|y PREZ
|7 0
|p 17A1483043
|o snkSB 98055
|i snk2022/7951
|8 0
|0 0
|1 0
|4 0
|d 2022-05-16
|f 1
|l 0
|r 2025-05-16 00:00:00
|w 2026-02-23
|
| 952 |
|
|
|a SNK
|b SNK
|y PREZ
|7 0
|p 17A1483044
|o snkSB 98055 D1
|i snk2022/7952
|8 0
|0 0
|1 0
|4 0
|d 2022-05-16
|l 0
|r 2026-02-23 20:49:03
|w 2026-02-23
|